00743nam a2200157 a 450000100100000000500170001000800410002704000250006808200140009311000960010724501130020326000500031630000200036695201820038699900170056800003280020200930065836.0110726s1928 dr 000 0 spa d aDO-SdBNPbspacBNPHU axxxxbI431 aRepública DominicanabInspección médico escolar de la común de Santo Domingo95861910aInforme presentado por el médico inspector escolar al superintendente general de enseñanza pública. /. aSanto Domingo, :bJ. R. Vda. García,c1928. a20 p. ;c24 cm. 001050718RVaPDbPDcCTd2011-07-26iLF1l0oxxxx I43p32800-10r2020-06-25w2020-06-25y1zPerteneció a la biblioteca personal de Carlos Larrazábal Blanco.ZNo se presta c32291d32291